| 000 | 00778nam a2200217 a 4500 | ||
|---|---|---|---|
| 005 | 20210223124341.0 | ||
| 008 | 010912s1987 r 000 0 eng d | ||
| 020 | _a9688379174 | ||
| 035 | _aUPN01000111337 | ||
| 049 | _aCG | ||
| 050 | 4 |
_aQP135 _bG6.2 |
|
| 100 | 1 | _aGoodfield, G. J. | |
| 245 | 1 | 3 |
_aEl desarrollo de la fisiología científica : _bel método fisiológico y la controversia mecanicismo-vitalismo ilustrados por los problemas de la respiración y el calor animales / _cG. J. Goodfield ; tr. Jorge Brash. |
| 260 |
_aMéxico : _bUNAM, _c1987. |
||
| 300 | _a152 p. | ||
| 440 | 0 |
_aHistoria de la ciencia ; _v3 |
|
| 534 |
_pTítulo original: _tThe growth of scientific phisiology |
||
| 650 | 4 |
_aCALOR ANIMAL _97538 |
|
| 650 | 4 |
_aRESPIRACION _916072 |
|
| 905 | _aLibro | ||
| 999 |
_c85246 _d85246 |
||